00518cam a22001217a 4500008004000000082002000040100007500060245014500135260005000280300000800330500002800338700003000366180718b1962 xxu||||| |||| 00| 0 eng d aB835x42 Un3/59e aUnited Kingdom. Royal Commission on Local Government in Greater London aRoyal Commission on Local Government in Greater London: written evidence from local authorities miscellaneous bodies and private individuals aLondonbHer Majesty's Stationery Officec1962 a5v. aChairman: Edwin Herbert aHerbert, Edwin (Chairman)